Optimizing resource use in rubber smallholdings (Record no. 64443)

MARC details
000 -LEADER
fixed length control field 00412nam a2200109Ia 4500
100 ## - MAIN ENTRY--AUTHOR NAME
Personal name Krishnakumar A K
245 #0 - TITLE STATEMENT
Title Optimizing resource use in rubber smallholdings
260 ## - PUBLICATION, DISTRIBUTION, ETC. (IMPRINT)
Name of publisher The Progress and Development of Rubber Small Holders: Proceedings of the Ninth Seminar, 9-11 November 2005, Cochin, India. pp. 83-90.
650 ## - SUBJECT ADDED ENTRY--TOPICAL TERM
Topical Term Rubber smallholdings
942 ## - ADDED ENTRY ELEMENTS (KOHA)
Koha item type Journals
Holdings
Withdrawn status Lost status Damaged status Not for loan Home library Current library Shelving location Date acquired Koha item type
      Journals RRII Library RRII Library Agricultural economics 17/12/2021 Journals